Nzingha, warrior queen of Matamba / (Record no. 33329)
[ view plain ]
| 000 -LEADER | |
|---|---|
| fixed length control field | 01602cam a2200469 a 4500 |
| 001 - CONTROL NUMBER | |
| control field | 11908267 |
| 003 - CONTROL NUMBER IDENTIFIER | |
| control field | OSt |
| 005 - DATE AND TIME OF LATEST TRANSACTION | |
| control field | 20140310184247.0 |
| 008 - FIXED-LENGTH DATA ELEMENTS--GENERAL INFORMATION | |
| fixed length control field | 000210s2000 nyua c 000 1 eng |
| 010 ## - LIBRARY OF CONGRESS CONTROL NUMBER | |
| LC control number | 00024216 |
| 020 ## - INTERNATIONAL STANDARD BOOK NUMBER | |
| International Standard Book Number | 0439112109 |
| 040 ## - CATALOGING SOURCE | |
| Original cataloging agency | DLC |
| Transcribing agency | DLC |
| Modifying agency | DLC |
| 042 ## - AUTHENTICATION CODE | |
| Authentication code | lcac |
| 043 ## - GEOGRAPHIC AREA CODE | |
| Geographic area code | f-ao--- |
| 050 00 - LIBRARY OF CONGRESS CALL NUMBER | |
| Classification number | PZ 7 |
| Item number | .M478693Nz 2000 |
| 100 1# - MAIN ENTRY--PERSONAL NAME | |
| Personal name | McKissack, Pat, |
| Dates associated with a name | 1944- |
| 9 (RLIN) | 26710 |
| 245 10 - TITLE STATEMENT | |
| Title | Nzingha, warrior queen of Matamba / |
| Statement of responsibility, etc | by Patricia McKissack. |
| 260 ## - PUBLICATION, DISTRIBUTION, ETC. (IMPRINT) | |
| Place of publication, distribution, etc | New York : |
| Name of publisher, distributor, etc | Scholastic, |
| Date of publication, distribution, etc | 2000. |
| 300 ## - PHYSICAL DESCRIPTION | |
| Extent | 136 p. : |
| Other physical details | ill. ; |
| Dimensions | 19 cm. |
| 440 #4 - SERIES STATEMENT/ADDED ENTRY--TITLE | |
| Title | The royal diaries |
| 9 (RLIN) | 17275 |
| 521 ## - TARGET AUDIENCE NOTE | |
| Target audience note | |
| 526 ## - STUDY PROGRAM INFORMATION NOTE | |
| Reading level | 750 |
| 600 00 - SUBJECT ADDED ENTRY--PERSONAL NAME | |
| Personal name | Nzinga, |
| Titles and other words associated with a name | Queen of Matamba, |
| Dates associated with a name | 1582-1663 |
| Form subdivision | Juvenile fiction. |
| 9 (RLIN) | 26711 |
| 600 01 - SUBJECT ADDED ENTRY--PERSONAL NAME | |
| Personal name | Nzinga, |
| Titles and other words associated with a name | Queen of Matamba, |
| Dates associated with a name | 1582-1663 |
| Form subdivision | Fiction. |
| 9 (RLIN) | 26712 |
| 650 #1 - SUBJECT ADDED ENTRY--TOPICAL TERM | |
| Topical term or geographic name as entry element | Princesses |
| Form subdivision | Fiction. |
| 9 (RLIN) | 26713 |
| 650 #1 - SUBJECT ADDED ENTRY--TOPICAL TERM | |
| Topical term or geographic name as entry element | Blacks |
| Geographic subdivision | Angola |
| Form subdivision | Fiction. |
| 9 (RLIN) | 26714 |
| 650 #1 - SUBJECT ADDED ENTRY--TOPICAL TERM | |
| Topical term or geographic name as entry element | Mbundu (African people) |
| Form subdivision | Fiction. |
| 9 (RLIN) | 26715 |
| 650 #1 - SUBJECT ADDED ENTRY--TOPICAL TERM | |
| Topical term or geographic name as entry element | Slave trade |
| Form subdivision | Fiction. |
| 9 (RLIN) | 26716 |
| 650 #1 - SUBJECT ADDED ENTRY--TOPICAL TERM | |
| Topical term or geographic name as entry element | Sex role |
| Form subdivision | Fiction. |
| 9 (RLIN) | 26717 |
| 650 #1 - SUBJECT ADDED ENTRY--TOPICAL TERM | |
| Topical term or geographic name as entry element | Diaries |
| Form subdivision | Fiction. |
| 9 (RLIN) | 26718 |
| 651 #0 - SUBJECT ADDED ENTRY--GEOGRAPHIC NAME | |
| Geographic name | Angola |
| General subdivision | History |
| Chronological subdivision | 1482-1648 |
| Form subdivision | Juvenile fiction. |
| 9 (RLIN) | 26719 |
| 651 #1 - SUBJECT ADDED ENTRY--GEOGRAPHIC NAME | |
| Geographic name | Angola |
| General subdivision | History |
| Chronological subdivision | 1482-1648 |
| Form subdivision | Fiction. |
| 9 (RLIN) | 26720 |
| 856 42 - ELECTRONIC LOCATION AND ACCESS | |
| Materials specified | Book review (H-Net) |
| Uniform Resource Identifier | <a href="http://www.h-net.org/review/hrev-a0c2c8-aa">http://www.h-net.org/review/hrev-a0c2c8-aa</a> |
| 906 ## - LOCAL DATA ELEMENT F, LDF (RLIN) | |
| a | 7 |
| b | cbc |
| c | orignew |
| d | 1 |
| e | ocip |
| f | 20 |
| g | y-gencatlg |
| 942 ## - ADDED ENTRY ELEMENTS (KOHA) | |
| Source of classification or shelving scheme | Library of Congress Classification |
| Koha item type | |
| Withdrawn status | Lost status | Source of classification or shelving scheme | Damaged status | Home library | Current library | Shelving location | Date acquired | Total Checkouts | Full call number | Barcode | Date last seen | Copy number | Price effective from | Koha item type | Source of acquisition |
|---|---|---|---|---|---|---|---|---|---|---|---|---|---|---|---|
| Library of Congress Classification | Luxembourg Library | Luxembourg Library | Scholastic Reading Center Section | 04/19/2012 | PZ 7 .M478693Nz 2000 | LEX2394 | 04/18/2017 | 1 | 01/30/2014 | Books | |||||
| Library of Congress Classification | Luxembourg Library | Luxembourg Library | Scholastic Reading Center Section | 10/09/2013 | PZ 7 .M478693Nz 2000 | LEX2392 | 04/18/2017 | 2 | 10/09/2013 | Books | Donation | ||||
| Library of Congress Classification | Luxembourg Library | Luxembourg Library | Scholastic Reading Center Section | 10/09/2013 | PZ 7 .M478693Nz 2000 | LEX2145 | 05/30/2018 | 3 | 10/09/2013 | Books | Donation | ||||
| Library of Congress Classification | Luxembourg Library | Luxembourg Library | Scholastic Reading Center Section | 10/09/2013 | PZ 7 .M478693Nz 2000 | LEX2144 | 05/30/2018 | 4 | 10/09/2013 | Books | Donation | ||||
| Library of Congress Classification | Luxembourg Library | Luxembourg Library | Scholastic Reading Center Section | 10/09/2013 | PZ 7 .M478693Nz 2000 | LEX2143 | 04/18/2017 | 5 | 10/09/2013 | Books | Donation | ||||
| Library of Congress Classification | Luxembourg Library | Luxembourg Library | Scholastic Reading Center Section | 10/10/2013 | PZ 7 .M478693Nz 2000 | LEX2393 | 04/18/2017 | 6 | 10/10/2013 | Books | Donation | ||||
| Library of Congress Classification | Luxembourg Library | Luxembourg Library | Scholastic Reading Center Section | 10/16/2013 | PZ 7 .M478693Nz 2000 | SCHO0022 | 04/18/2017 | 7 | 10/16/2013 | Books | Donation |